000 006100000a22001930004500
090 _aAR
_b01237
245 1 0 _aWhat molecules can tell us about populations: choosing and using a molecular marker
650 1 4 _aBiología molecular
_993011
650 1 4 _aZondas de DNA
_994505
650 1 4 _aGenética de poblaciones
_912552
041 0 _aInglés
700 1 _aSnow, Allison A.
_994507
700 1 _aSchug, Malcolm D.
_994508
700 1 _aBooton, Gregory
_994509
700 1 _aFuerst, Paul A.
_994510
100 1 _aParker, Patricia G.
_994511
942 _cARTICULO
773 1 _tEcology
_357
_h2
_q361-382
_d1998
_g79
999 _c10323
_d10323